[Event "EU-ch rapid"]
[Site "Tallinn"]
[Date "2016.12.15"]
[Round "2"]
[White "Jezov, Roman"]
[Black "Zhigalko, Sergei"]
[Result "0-1"]
[WhiteElo "2298"]
[BlackElo "2671"]
[PlyCount "47"]
[EventDate "2016.12.15"]
[EventType "swiss (rapid)"]
[EventRounds "11"]
[EventCountry "EST"]
[SourceTitle "CBM 176 Extra"]
[Source "ChessBase"]
[SourceDate "2017.03.02"]
[SourceVersion "1"]
[SourceVersionDate "2017.03.02"]
[SourceQuality "1"]

1. e4 c5 2. Be2 Nc6 3. f4 d5 4. d3 e6 5. Nf3 Bd6 6. O-O Nge7 7. c3 O-O 8. Be3 d4 9. Bd2 b5 10. Na3 Qb6 11. cxd4 cxd4 12. Qb3 Rb8 13. Rac1 a5 14. g3 Bd7 15. Be1 f6 16. Bf2 Kh8 17. Kg2 e5 18. fxe5 Bxe5 19. Nxe5 fxe5 20. Qc2 Nb4 21. Qc7 Qe6 22. Rc5 Nec6 23. Rxb5 Na6 24. Rc5 0-1

[Event "EU-ch rapid"]
[Site "Tallinn"]
[Date "2016.12.15"]
[Round "3"]
[White "Zhigalko, Sergei"]
[Black "Monroy, Charles"]
[Result "1-0"]
[WhiteElo "2671"]
[BlackElo "2416"]
[PlyCount "87"]
[EventDate "2016.12.15"]
[EventType "swiss (rapid)"]
[EventRounds "11"]
[EventCountry "EST"]
[SourceTitle "CBM 176 Extra"]
[Source "ChessBase"]
[SourceDate "2017.03.02"]
[SourceVersion "1"]
[SourceVersionDate "2017.03.02"]
[SourceQuality "1"]

1. e4 c5 2. Nf3 e6 3. c3 d5 4. e5 d4 5. Bd3 a6 6. O-O Ne7 7. Re1 Bd7 8. Be4 Bc6 9. cxd4 cxd4 10. d3 Ng6 11. g3 Be7 12. h4 h6 13. Nbd2 O-O 14. h5 Nh8 15. Nb3 f5 16. exf6 Bxf6 17. Nc5 Re8 18. Qb3 Nf7 19. Nxb7 Qe7 20. Bf4 Ra7 21. Na5 Bxe4 22. Rxe4 Ra8 23. Bxb8 Qc5 24. Bf4 Qxh5 25. Kg2 Qxa5 26. Rxe6 Rxe6 27. Qxe6 Qb5 28. Rc1 Re8 29. Rc8 Rxc8 30. Qxc8+ Kh7 31. Qc4 Qb7 32. Qe6 Kh8 33. b3 Bg5 34. Qe8+ Kh7 35. Qe4+ Qxe4 36. dxe4 Bxf4 37. gxf4 Nd6 38. e5 Nf5 39. b4 Kg8 40. Nd2 Kf7 41. Kf3 Ke6 42. Ke4 g5 43. fxg5 hxg5 44. Nf3 1-0

[Event "EU-ch rapid"]
[Site "Tallinn"]
[Date "2016.12.15"]
[Round "4"]
[White "Ruck, Robert"]
[Black "Zhigalko, Sergei"]
[Result "1-0"]
[WhiteElo "2561"]
[BlackElo "2671"]
[PlyCount "89"]
[EventDate "2016.12.15"]
[EventType "swiss (rapid)"]
[EventRounds "11"]
[EventCountry "EST"]
[SourceTitle "CBM 176 Extra"]
[Source "ChessBase"]
[SourceDate "2017.03.02"]
[SourceVersion "1"]
[SourceVersionDate "2017.03.02"]
[SourceQuality "1"]

1. Nf3 d5 2. d4 c6 3. c4 e6 4. Nbd2 f5 5. g3 Bd6 6. Bg2 Nd7 7. Qc2 Ngf6 8. cxd5 cxd5 9. Nb3 O-O 10. O-O Qe7 11. Bf4 Bxf4 12. gxf4 b6 13. Rfc1 Ba6 14. e3 Ne4 15. Nbd2 Ndf6 16. Qa4 Be2 17. Rc2 Bd3 18. Rc6 Rab8 19. Rac1 Rb7 20. Nxe4 Bxe4 21. Ng5 Bxg2 22. Kxg2 h6 23. Rxe6 Qd8 24. Nf3 Ne4 25. Qc6 Rbf7 26. Re5 Rd7 27. Re6 Rdf7 28. Rg6 Kh7 29. Ne5 Qh4 30. Rg3 Rf6 31. Qxd5 Nxg3 32. hxg3 Qh5 33. Nd7 Qe2 34. Nxf6+ Rxf6 35. Rc7 Qd3 36. Rxa7 h5 37. Rf7 Rxf7 38. Qxf7 Qe4+ 39. Kh2 Kh6 40. Qf8 Qc2 41. Qh8+ Kg6 42. Qe8+ Kh6 43. Qe6+ g6 44. Kg2 Qxb2 45. Qg8 1-0

[Event "EU-ch rapid"]
[Site "Tallinn"]
[Date "2016.12.15"]
[Round "5"]
[White "Zhigalko, Sergei"]
[Black "Maisuradze, Nino"]
[Result "1-0"]
[WhiteElo "2671"]
[BlackElo "2231"]
[PlyCount "121"]
[EventDate "2016.12.15"]
[EventType "swiss (rapid)"]
[EventRounds "11"]
[EventCountry "EST"]
[SourceTitle "CBM 176 Extra"]
[Source "ChessBase"]
[SourceDate "2017.03.02"]
[SourceVersion "1"]
[SourceVersionDate "2017.03.02"]
[SourceQuality "1"]

1. e4 c5 2. Nf3 Nc6 3. c3 d5 4. exd5 Qxd5 5. d4 e6 6. Be3 cxd4 7. cxd4 Nf6 8. Nc3 Qd8 9. a3 Bd6 10. Bd3 O-O 11. O-O b6 12. Qe2 Bb7 13. Rad1 Rc8 14. Bg5 Ne7 15. Bxf6 gxf6 16. Be4 Bxe4 17. Qxe4 Bxa3 18. d5 f5 19. Qe3 Bc5 20. Qh6 f6 21. dxe6 Qe8 22. Rfe1 Qg6 23. Qd2 Kh8 24. Ne2 Rg8 25. g3 Qg4 26. Kg2 Bb4 27. Nc3 Ng6 28. Ng1 Bxc3 29. bxc3 Nh4+ 30. Kf1 Nf3 31. Nxf3 Qxf3 32. Kg1 Rge8 33. e7 Kg7 34. Re3 Qc6 35. Qe2 a5 36. Rd4 a4 37. Qh5 a3 38. Rh4 Rh8 39. Qxf5 h5 40. Qc2 Rce8 41. Qa2 Qc5 42. Rhe4 b5 43. h4 f5 44. Re5 Qd6 45. Qe2 Rh6 46. Rxf5 a2 47. Qxa2 Rxe7 48. Rg5+ Rg6 49. Rxe7+ Qxe7 50. Rxg6+ Kxg6 51. Qa6+ Kg7 52. Qxb5 Qe1+ 53. Kg2 Qxc3 54. Qg5+ Kf8 55. Qxh5 Qe1 56. Qf5+ Kg8 57. h5 Kg7 58. Qg6+ Kh8 59. Qf6+ Kh7 60. h6 Qe4+ 61. Kh2 1-0

[Event "EU-ch rapid"]
[Site "Tallinn"]
[Date "2016.12.15"]
[Round "6"]
[White "Kulaots, Kaido"]
[Black "Zhigalko, Sergei"]
[Result "1/2-1/2"]
[WhiteElo "2556"]
[BlackElo "2671"]
[PlyCount "55"]
[EventDate "2016.12.15"]
[EventType "swiss (rapid)"]
[EventRounds "11"]
[EventCountry "EST"]
[SourceTitle "CBM 176 Extra"]
[Source "ChessBase"]
[SourceDate "2017.03.02"]
[SourceVersion "1"]
[SourceVersionDate "2017.03.02"]
[SourceQuality "1"]

1. e4 c5 2. Nf3 Nc6 3. d4 cxd4 4. Nxd4 Nf6 5. Nc3 e5 6. Ndb5 d6 7. Bg5 a6 8. Na3 b5 9. Nd5 Be7 10. Bxf6 Bxf6 11. c3 Bg5 12. Nc2 Ne7 13. h4 Bh6 14. a4 bxa4 15. Ncb4 O-O 16. Qxa4 a5 17. Bb5 Nxd5 18. Nxd5 Be6 19. Bc6 Rb8 20. b4 axb4 21. cxb4 Kh8 22. b5 Bxd5 23. Bxd5 Qb6 24. O-O Qxb5 25. Qxb5 Rxb5 26. Rfb1 Rxb1+ 27. Rxb1 f6 28. g3 1/2-1/2

[Event "EU-ch rapid"]
[Site "Tallinn"]
[Date "2016.12.16"]
[Round "7"]
[White "Zhigalko, Sergei"]
[Black "Kozul, Zdenko"]
[Result "1-0"]
[WhiteElo "2671"]
[BlackElo "2613"]
[PlyCount "63"]
[EventDate "2016.12.15"]
[EventType "swiss (rapid)"]
[EventRounds "11"]
[EventCountry "EST"]
[SourceTitle "CBM 176 Extra"]
[Source "ChessBase"]
[SourceDate "2017.03.02"]
[SourceVersion "1"]
[SourceVersionDate "2017.03.02"]
[SourceQuality "1"]

1. e4 c5 2. Nf3 d6 3. d4 cxd4 4. Qxd4 Nc6 5. Bb5 Bd7 6. Bxc6 Bxc6 7. Nc3 Nf6 8. Bg5 e6 9. O-O-O Be7 10. Rhe1 O-O 11. Kb1 Qc7 12. Qd2 Rfd8 13. Nd4 Rab8 14. f3 b5 15. g4 b4 16. Nce2 a5 17. Ng3 Rdc8 18. h4 Ba4 19. Rc1 Bd7 20. Nh5 a4 21. Bxf6 Bxf6 22. Nxf6+ gxf6 23. g5 f5 24. exf5 e5 25. g6 hxg6 26. fxg6 f6 27. Qh6 Bh3 28. g7 exd4 29. Qh8+ Kf7 30. Qh7 Rg8 31. Qh5+ Kxg7 32. Rg1+ 1-0

[Event "EU-ch rapid"]
[Site "Tallinn"]
[Date "2016.12.16"]
[Round "8"]
[White "Zhigalko, Sergei"]
[Black "Meskovs, Nikita"]
[Result "1-0"]
[WhiteElo "2671"]
[BlackElo "2489"]
[PlyCount "79"]
[EventDate "2016.12.15"]
[EventType "swiss (rapid)"]
[EventRounds "11"]
[EventCountry "EST"]
[SourceTitle "CBM 176 Extra"]
[Source "ChessBase"]
[SourceDate "2017.03.02"]
[SourceVersion "1"]
[SourceVersionDate "2017.03.02"]
[SourceQuality "1"]

1. e4 c5 2. Nf3 e6 3. c3 Nf6 4. e5 Nd5 5. Bc4 Nb6 6. Bb3 c4 7. Bc2 Nc6 8. O-O d6 9. exd6 Bxd6 10. b3 Bd7 11. Na3 Na5 12. b4 Nc6 13. d3 Ne5 14. dxc4 Bc6 15. Nd4 Qh4 16. h3 Nexc4 17. Nxc4 Nxc4 18. Nxc6 bxc6 19. Re1 Rd8 20. Re4 Qxe4 21. Bxe4 Bh2+ 22. Kxh2 Rxd1 23. Bxc6+ Kf8 24. b5 Kg8 25. a4 Na5 26. Bf3 Re1 27. Bb2 Rxa1 28. Bxa1 f6 29. c4 Nb3 30. Bc3 Kf7 31. a5 Nc5 32. Bd4 Rc8 33. a6 Nd7 34. Bc6 Nb8 35. Bb7 Rxc4 36. Bxa7 Nd7 37. Be3 Rc7 38. Bc6 Ne5 39. a7 Nxc6 40. a8=Q 1-0

[Event "EU-ch rapid"]
[Site "Tallinn"]
[Date "2016.12.16"]
[Round "9"]
[White "Vitiugov, Nikita"]
[Black "Zhigalko, Sergei"]
[Result "1/2-1/2"]
[WhiteElo "2726"]
[BlackElo "2671"]
[PlyCount "88"]
[EventDate "2016.12.15"]
[EventType "swiss (rapid)"]
[EventRounds "11"]
[EventCountry "EST"]
[SourceTitle "CBM 176 Extra"]
[Source "ChessBase"]
[SourceDate "2017.03.02"]
[SourceVersion "1"]
[SourceVersionDate "2017.03.02"]
[SourceQuality "1"]

1. d4 Nf6 2. Bg5 e6 3. Nd2 h6 4. Bh4 c5 5. e3 b6 6. Ne4 Be7 7. Bxf6 gxf6 8. d5 f5 9. Nc3 Bf6 10. Bc4 Bxc3+ 11. bxc3 b5 12. Bxb5 Qa5 13. Rb1 Ba6 14. a4 Bxb5 15. axb5 Qxc3+ 16. Qd2 Qxd2+ 17. Kxd2 Rg8 18. g3 d6 19. Ne2 Nd7 20. Ra1 Ke7 21. Ra6 Rgb8 22. Nc3 Nb6 23. Rha1 Rb7 24. Ke2 Kd7 25. dxe6+ fxe6 26. Na4 Nc8 27. c4 h5 28. Kf3 Ke7 29. h3 Rab8 30. Kf4 h4 31. Rg1 hxg3 32. Rxg3 Kf7 33. h4 Rd7 34. h5 Ne7 35. Nc3 Rh8 36. Rh3 Kf6 37. e4 Ng6+ 38. Ke3 Ne5 39. exf5 Kxf5 40. Rh4 Ng4+ 41. Kf3 Ne5+ 42. Ke3 Ng4+ 43. Kf3 Ne5+ 44. Ke3 Ng4+ 1/2-1/2

[Event "EU-ch rapid"]
[Site "Tallinn"]
[Date "2016.12.16"]
[Round "10"]
[White "Grandelius, Nils"]
[Black "Zhigalko, Sergei"]
[Result "0-1"]
[WhiteElo "2643"]
[BlackElo "2671"]
[PlyCount "96"]
[EventDate "2016.12.15"]
[EventType "swiss (rapid)"]
[EventRounds "11"]
[EventCountry "EST"]
[SourceTitle "CBM 176 Extra"]
[Source "ChessBase"]
[SourceDate "2017.03.02"]
[SourceVersion "1"]
[SourceVersionDate "2017.03.02"]
[SourceQuality "1"]

1. d4 Nf6 2. Nf3 e6 3. Bg5 h6 4. Bh4 b6 5. e3 Bb7 6. Bd3 Be7 7. Nbd2 d6 8. c3 Nbd7 9. Qe2 a6 10. e4 Nh5 11. Bg3 c5 12. Rd1 Qc7 13. a3 b5 14. O-O Nxg3 15. hxg3 e5 16. Rfe1 O-O 17. dxe5 c4 18. Bc2 dxe5 19. Nf1 Bc5 20. g4 Nf6 21. g5 Ng4 22. Ne3 Nxe3 23. fxe3 h5 24. Qf2 g6 25. Qg3 Rfe8 26. Kf1 a5 27. Re2 Re7 28. Qh4 Kg7 29. Qf2 Qb6 30. Nh2 Rf8 31. Kg1 Bc8 32. Kh1 b4 33. axb4 axb4 34. cxb4 Qxb4 35. Bb1 Kg8 36. Nf3 Bg4 37. Rc2 Qb3 38. Re1 Rb8 39. Nd2 Qb6 40. Nxc4 Qa7 41. Rf1 Be6 42. Nxe5 Bxe3 43. Qg3 Bd7 44. Ba2 h4 45. Qh2 Be8 46. Nxf7 Bxf7 47. Bxf7+ Rxf7 48. Rd1 Rbf8 0-1

[Event "EU-ch rapid"]
[Site "Tallinn"]
[Date "2016.12.16"]
[Round "11"]
[White "Zhigalko, Sergei"]
[Black "Alekseev, Evgeny V"]
[Result "1/2-1/2"]
[WhiteElo "2671"]
[BlackElo "2632"]
[PlyCount "43"]
[EventDate "2016.12.15"]
[EventType "swiss (rapid)"]
[EventRounds "11"]
[EventCountry "EST"]
[SourceTitle "CBM 176 Extra"]
[Source "ChessBase"]
[SourceDate "2017.03.02"]
[SourceVersion "1"]
[SourceVersionDate "2017.03.02"]
[SourceQuality "1"]

1. e4 c5 2. Nf3 e6 3. c3 d5 4. e5 Nc6 5. d4 Bd7 6. Be2 f6 7. O-O fxe5 8. dxe5 Qc7 9. c4 d4 10. Re1 O-O-O 11. Bd3 Nh6 12. Na3 a6 13. Nc2 Nf7 14. Bf4 Be7 15. h4 Rdg8 16. Ng5 Nxg5 17. hxg5 Be8 18. Qg4 Qd7 19. a3 Bg6 20. Rad1 Rf8 21. Bc1 a5 22. b3 1/2-1/2

[Event "Wch Rapid"]
[Site "Doha"]
[Date "2016.12.27"]
[Round "9"]
[White "Zhigalko, Sergei"]
[Black "Anton Guijarro, David"]
[Result "1-0"]
[WhiteElo "2671"]
[BlackElo "2650"]
[PlyCount "129"]
[EventDate "2016.12.26"]
[EventType "swiss (rapid)"]
[EventRounds "15"]
[EventCountry "QAT"]
[SourceTitle "CBM 176"]
[Source "ChessBase"]
[SourceDate "2017.01.17"]
[SourceVersion "1"]
[SourceVersionDate "2017.01.17"]
[SourceQuality "1"]

1. e4 e5 2. Nf3 Nc6 3. Bb5 a6 4. Ba4 Nf6 5. O-O Be7 6. Re1 b5 7. Bb3 d6 8. c3 O-O 9. h3 Na5 10. Bc2 c5 11. d4 Nd7 12. d5 Nb6 13. b3 Bd7 14. Be3 Qc8 15. Qd2 Nb7 16. Na3 f5 17. exf5 Bxf5 18. Nh2 Bf6 19. Rad1 Qd7 20. Nf1 Bh4 21. c4 e4 22. Bf4 b4 23. Nb1 a5 24. Bxe4 a4 25. Ng3 Bxe4 26. Rxe4 axb3 27. axb3 Bf6 28. Re6 Ra1 29. Ne4 Bd4 30. Be3 Bxe3 31. Qxe3 Nc8 32. Ng3 Qf7 33. Re1 Qf4 34. Nd2 Qxe3 35. R6xe3 Ra2 36. Nf3 Na5 37. R1e2 Rxe2 38. Nxe2 h6 39. Nd2 Rf7 40. Re8+ Rf8 41. Rxf8+ Kxf8 42. g4 Kf7 43. f4 Nb6 44. Kf2 Nd7 45. Ng3 Nf6 46. Nf5 Ne8 47. Ke3 Kf8 48. Kd3 Kf7 49. Kc2 Nb7 50. Ne4 Kf8 51. h4 Kf7 52. h5 Kf8 53. g5 hxg5 54. fxg5 Kf7 55. g6+ Kf8 56. Ng5 Kg8 57. Ne6 Kh8 58. Ne7 Nf6 59. Ng5 Nd8 60. Nf7+ Nxf7 61. gxf7 Nd7 62. Ng6+ Kh7 63. f8=Q Nxf8 64. Nxf8+ Kh6 65. Ne6 1-0

[Event "Wch Blitz"]
[Site "Doha"]
[Date "2016.12.30"]
[Round "17"]
[White "Zhigalko, Sergei"]
[Black "Agdestein, Simen"]
[Result "1-0"]
[WhiteElo "2671"]
[BlackElo "2602"]
[PlyCount "51"]
[EventDate "2016.12.29"]
[EventType "swiss (blitz)"]
[EventRounds "21"]
[EventCountry "QAT"]
[SourceTitle "CBM 176 Extra"]
[Source "ChessBase"]
[SourceDate "2017.03.02"]
[SourceVersion "1"]
[SourceVersionDate "2017.03.02"]
[SourceQuality "1"]

1. e4 e5 2. Nf3 Nc6 3. Bc4 Nf6 4. Ng5 d5 5. exd5 Nxd5 6. Nxf7 Kxf7 7. Qf3+ Ke6 8. Nc3 Nce7 9. O-O c6 10. d4 Kd6 11. Bg5 Be6 12. Rfe1 exd4 13. Ne4+ Kc7 14. Qg3+ Kb6 15. Qb3+ Kc7 16. Qg3+ Kb6 17. Nd6 Qd7 18. a4 a5 19. Qe5 Ng6 20. Qxd4+ c5 21. Qd3 Qxd6 22. Rad1 h6 23. Rxe6 Qxe6 24. Bxd5 Qd6 25. Qb3+ Ka7 26. Qxb7# 1-0

[Event "Wch Blitz"]
[Site "Doha"]
[Date "2016.12.30"]
[Round "20"]
[White "Aronian, Levon"]
[Black "Zhigalko, Sergei"]
[Result "1-0"]
[WhiteElo "2785"]
[BlackElo "2671"]
[PlyCount "81"]
[EventDate "2016.12.29"]
[EventType "swiss (blitz)"]
[EventRounds "21"]
[EventCountry "QAT"]
[SourceTitle "CBM 176 Extra"]
[Source "ChessBase"]
[SourceDate "2017.03.02"]
[SourceVersion "1"]
[SourceVersionDate "2017.03.02"]
[SourceQuality "1"]

1. c4 e5 2. g3 Nf6 3. Bg2 c6 4. d4 exd4 5. Qxd4 Na6 6. Nf3 Bc5 7. Qe5+ Be7 8. O-O O-O 9. Rd1 Re8 10. Qf4 Nc5 11. Nc3 a5 12. Be3 Ne6 13. Qf5 d6 14. Qc2 Qc7 15. h3 h6 16. Nh4 Bf8 17. Nf5 h5 18. Nd4 g6 19. Nxe6 Bxe6 20. Bd4 Bg7 21. b3 Qe7 22. e4 c5 23. Be3 Nd7 24. f4 Nb8 25. Re1 Nc6 26. Rad1 Nd4 27. Qf2 Qd7 28. Kh2 Nxb3 29. Nb5 Nd4 30. Nxd4 cxd4 31. Bxd4 Bxd4 32. Rxd4 Qc7 33. f5 Bd7 34. fxg6 fxg6 35. e5 Rxe5 36. Rxe5 dxe5 37. Bd5+ Kg7 38. Qf7+ Kh6 39. Be4 Qb6 40. Rxd7 Qb2+ 41. Bg2 1-0

[Event "Minsk Bronstein Memorial op"]
[Site "Minsk"]
[Date "2017.02.18"]
[Round "1"]
[White "Zhigalko, Sergei"]
[Black "Papunidi, Matvey"]
[Result "1-0"]
[WhiteElo "2652"]
[BlackElo "1780"]
[PlyCount "55"]
[EventDate "2017.02.18"]
[EventType "swiss (rapid)"]
[EventRounds "10"]
[EventCountry "BLR"]
[SourceTitle "EXT 2018"]
[Source "ChessBase"]
[SourceDate "2017.10.13"]
[SourceVersion "1"]
[SourceVersionDate "2017.10.13"]
[SourceQuality "1"]

1. e4 c5 2. Nf3 Nc6 3. Bb5 d6 4. O-O Bd7 5. Re1 a6 6. Bxc6 Bxc6 7. d4 cxd4 8. Nxd4 g6 9. Nc3 Bg7 10. Be3 Nf6 11. f3 O-O 12. Qd2 Qc7 13. a4 d5 14. e5 Nd7 15. f4 e6 16. a5 Rfc8 17. Nd1 Bf8 18. Nf2 b6 19. axb6 Nxb6 20. Ng4 Nc4 21. Nf6+ Kh8 22. Qf2 Be7 23. Qh4 Bxf6 24. Qxf6+ Kg8 25. Bc1 Qb6 26. c3 Bb7 27. b3 Na5 28. f5 1-0

[Event "Minsk Bronstein Memorial op"]
[Site "Minsk"]
[Date "2017.02.18"]
[Round "1"]
[White "Zhigalko, Sergei"]
[Black "Papunidi, Matvey"]
[Result "1-0"]
[WhiteElo "2652"]
[BlackElo "1780"]
[PlyCount "87"]
[EventDate "2017.02.18"]
[EventType "swiss (rapid)"]
[EventRounds "10"]
[EventCountry "BLR"]
[SourceTitle "EXT 2018"]
[Source "ChessBase"]
[SourceDate "2017.10.13"]
[SourceVersion "1"]
[SourceVersionDate "2017.10.13"]
[SourceQuality "1"]

1. e4 e5 2. Nf3 Nc6 3. d4 exd4 4. Nxd4 Bc5 5. Be3 Qf6 6. c3 Nge7 7. Qa4 Bb6 8. Na3 O-O 9. O-O-O a6 10. f4 Nxd4 11. cxd4 Ba7 12. Qc2 d5 13. e5 Qg6 14. Bd3 Bf5 15. Bxf5 Nxf5 16. Bf2 c5 17. dxc5 d4 18. g4 Qxg4 19. Rhg1 Qxf4+ 20. Kb1 Bxc5 21. Qxc5 Rac8 22. Qb6 Qe4+ 23. Ka1 Rc6 24. Qb3 Rfc8 25. Nb1 Ne3 26. Bxe3 dxe3 27. Qd3 Qxd3 28. Rxd3 e2 29. Re1 Rc2 30. Nc3 g6 31. Kb1 R2xc3 32. Rxc3 Rd8 33. Rxe2 Rd7 34. Kc2 Kg7 35. b3 h5 36. a4 Re7 37. Rf3 g5 38. Rf5 Kg6 39. Rf6+ Kg7 40. Kd3 h4 41. Ke4 g4 42. Rg2 g3 43. hxg3 h3 44. Rh2 1-0

[Event "Minsk Bronstein Memorial op"]
[Site "Minsk"]
[Date "2017.02.18"]
[Round "2"]
[White "Zhuk, Ivan"]
[Black "Zhigalko, Sergei"]
[Result "0-1"]
[WhiteElo "2105"]
[BlackElo "2652"]
[PlyCount "50"]
[EventDate "2017.02.18"]
[EventType "swiss (rapid)"]
[EventRounds "10"]
[EventCountry "BLR"]
[SourceTitle "EXT 2018"]
[Source "ChessBase"]
[SourceDate "2017.10.13"]
[SourceVersion "1"]
[SourceVersionDate "2017.10.13"]
[SourceQuality "1"]

1. e4 c5 2. Nf3 d6 3. d4 cxd4 4. Nxd4 Nf6 5. Nc3 a6 6. f3 e6 7. Be3 b5 8. Qd2 Nbd7 9. O-O-O Bb7 10. g4 Nb6 11. Qf2 Nfd7 12. Nb3 Rc8 13. Kb1 Rxc3 14. bxc3 Na4 15. Qe1 Qc7 16. Bd2 Be7 17. g5 Ne5 18. Be2 O-O 19. h4 Rc8 20. Rh2 Nc4 21. Bd3 d5 22. Rg2 Nxd2+ 23. Rdxd2 Ba3 24. Rdf2 Nxc3+ 25. Ka1 dxe4 0-1

[Event "Minsk Bronstein Memorial op"]
[Site "Minsk"]
[Date "2017.02.18"]
[Round "3"]
[White "Zhigalko, Sergei"]
[Black "Poleshchuk, Dmitriy"]
[Result "1-0"]
[WhiteElo "2652"]
[BlackElo "2176"]
[PlyCount "115"]
[EventDate "2017.02.18"]
[EventType "swiss (rapid)"]
[EventRounds "10"]
[EventCountry "BLR"]
[SourceTitle "EXT 2018"]
[Source "ChessBase"]
[SourceDate "2017.10.13"]
[SourceVersion "1"]
[SourceVersionDate "2017.10.13"]
[SourceQuality "1"]

1. e4 c5 2. Nf3 d6 3. d4 cxd4 4. Qxd4 Nf6 5. Nc3 Nc6 6. Bb5 Bd7 7. Bxc6 Bxc6 8. Bg5 Qb6 9. Qxb6 axb6 10. Bxf6 gxf6 11. Nd4 Bh6 12. g3 e6 13. Rd1 Ke7 14. Ke2 f5 15. Nxc6+ bxc6 16. exf5 Bg7 17. Kd3 Bxc3 18. Kxc3 Rxa2 19. fxe6 fxe6 20. f4 Ra5 21. Rd3 Rf8 22. Re1 Rff5 23. Rde3 e5 24. fxe5 Raxe5 25. Rxe5+ dxe5 26. Kd3 Ke6 27. Ke3 Kd5 28. Rd1+ Ke6 29. c4 Rf7 30. Ra1 Kd6 31. b4 c5 32. b5 Ke6 33. Ra6 Rb7 34. g4 Kd6 35. g5 Rb8 36. h4 Ke6 37. Ke4 Kd6 38. Ra7 Rf8 39. Rxh7 Rf4+ 40. Kd3 Rd4+ 41. Kc3 e4 42. g6 e3 43. g7 e2 44. Rh6+ Kd7 45. Re6 Rg4 46. Rxe2 Rg3+ 47. Kd2 Rxg7 48. h5 Rg4 49. Rh2 Rxc4 50. h6 Ra4 51. Ke3 Ra8 52. h7 Rh8 53. Rh6 Kc7 54. Kf4 Kb7 55. Kf5 c4 56. Ke4 c3 57. Kd3 Rc8 58. h8=Q 1-0

[Event "Minsk Bronstein Memorial op"]
[Site "Minsk"]
[Date "2017.02.18"]
[Round "4"]
[White "Lutsko, Igor"]
[Black "Zhigalko, Sergei"]
[Result "0-1"]
[WhiteElo "2330"]
[BlackElo "2652"]
[PlyCount "62"]
[EventDate "2017.02.18"]
[EventType "swiss (rapid)"]
[EventRounds "10"]
[EventCountry "BLR"]
[SourceTitle "EXT 2018"]
[Source "ChessBase"]
[SourceDate "2017.10.13"]
[SourceVersion "1"]
[SourceVersionDate "2017.10.13"]
[SourceQuality "1"]

1. c4 e5 2. g3 Nf6 3. Bg2 c6 4. Nf3 e4 5. Nd4 d5 6. cxd5 Qxd5 7. Nc2 Qh5 8. h3 Qg6 9. Nc3 Bd6 10. d3 exd3 11. Qxd3 Qxd3 12. exd3 O-O 13. Ne4 Be7 14. Ne3 Na6 15. Ke2 Nc5 16. Bd2 Rd8 17. Bc3 Nfxe4 18. dxe4 Na4 19. Rhc1 Nxc3+ 20. Rxc3 Be6 21. Nf5 Bf6 22. Rc2 Rd7 23. Ke3 Re8 24. g4 g6 25. Ng3 Red8 26. Bf1 Bd4+ 27. Kf3 Be5 28. a3 Rd2 29. Rac1 Bxb2 30. Rxd2 Rxd2 31. Rb1 Ba2 0-1

[Event "Minsk Bronstein Memorial op"]
[Site "Minsk"]
[Date "2017.02.18"]
[Round "5"]
[White "Zhigalko, Sergei"]
[Black "Nikitenko, Mihail"]
[Result "1/2-1/2"]
[WhiteElo "2652"]
[BlackElo "2403"]
[PlyCount "136"]
[EventDate "2017.02.18"]
[EventType "swiss (rapid)"]
[EventRounds "10"]
[EventCountry "BLR"]
[SourceTitle "EXT 2018"]
[Source "ChessBase"]
[SourceDate "2017.10.13"]
[SourceVersion "1"]
[SourceVersionDate "2017.10.13"]
[SourceQuality "1"]

1. e4 e5 2. Nf3 Nc6 3. Bb5 a6 4. Ba4 Nf6 5. O-O Be7 6. Re1 b5 7. Bb3 d6 8. c3 O-O 9. h3 Bb7 10. d3 Na5 11. Bc2 c5 12. Nbd2 Re8 13. Nf1 h6 14. Ng3 Bf8 15. Nh2 d5 16. Qf3 d4 17. Bd2 Nc6 18. Rad1 Bc8 19. Bb3 Na5 20. Bc2 Nc6 21. Nf5 Be6 22. Bb3 Bxb3 23. axb3 Kh7 24. Ng4 Nxg4 25. hxg4 g6 26. Ng3 Ra7 27. Ne2 Rd7 28. cxd4 cxd4 29. Rc1 Na5 30. Bxa5 Qxa5 31. Ng3 Re6 32. Re2 Kg7 33. Rec2 Qb4 34. Rc8 Qd2 35. Qe2 Qg5 36. R1c2 Bb4 37. Nf1 Rd8 38. g3 Red6 39. Kg2 Qe7 40. Nh2 Qe6 41. Rxd8 Rxd8 42. f4 Bd6 43. f5 Qxb3 44. g5 hxg5 45. Rc6 gxf5 46. Nf3 f6 47. Rxa6 Rc8 48. Ra7+ Kf8 49. Ne1 g4 50. exf5 Qd5+ 51. Kh2 Rc7 52. Rxc7 Bxc7 53. Qxg4 Ba5 54. Ng2 Bd2 55. Nh4 Bg5 56. Nf3 Bh6 57. Qh5 Bg7 58. Nh4 Qc5 59. Ng6+ Kg8 60. Qe2 Qc1 61. Qg2 b4 62. b3 Qd1 63. Ne7+ Kf7 64. Qb7 Qe2+ 65. Kh3 Qh5+ 66. Kg2 Qe2+ 67. Kh3 Qh5+ 68. Kg2 Qe2+ 1/2-1/2

[Event "Minsk Bronstein Memorial op"]
[Site "Minsk"]
[Date "2017.02.19"]
[Round "9"]
[White "Zhigalko, Sergei"]
[Black "Grib, Roman"]
[Result "1-0"]
[WhiteElo "2652"]
[BlackElo "2415"]
[PlyCount "75"]
[EventDate "2017.02.18"]
[EventType "swiss (rapid)"]
[EventRounds "10"]
[EventCountry "BLR"]
[SourceTitle "EXT 2018"]
[Source "ChessBase"]
[SourceDate "2017.10.13"]
[SourceVersion "1"]
[SourceVersionDate "2017.10.13"]
[SourceQuality "1"]

1. e4 e5 2. Nf3 Nc6 3. Bb5 a6 4. Ba4 Nf6 5. O-O Be7 6. Re1 b5 7. Bb3 d6 8. c3 O-O 9. h3 Bb7 10. d4 Re8 11. Nbd2 Bf8 12. a3 h6 13. Bc2 Nb8 14. a4 Nbd7 15. Bd3 Qb8 16. b3 c6 17. Qc2 g6 18. Bb2 Nh5 19. Bf1 Bg7 20. Rad1 Qc7 21. b4 Nf8 22. Nb3 Ne6 23. Na5 Rad8 24. Nxb7 Qxb7 25. Qb3 exd4 26. cxd4 bxa4 27. Qxa4 c5 28. Bc3 Nc7 29. bxc5 dxc5 30. Ba5 Qa7 31. dxc5 Rxd1 32. Rxd1 Nb5 33. Bxb5 axb5 34. Qxb5 Qa8 35. c6 Rc8 36. Qb7 Bf6 37. Qxa8 Rxa8 38. c7 1-0

[Event "Dubai op 19th"]
[Site "Dubai"]
[Date "2017.04.04"]
[Round "2"]
[White "Zhigalko, Sergei"]
[Black "Sidhant, Mohapatra"]
[Result "1/2-1/2"]
[WhiteElo "2639"]
[BlackElo "2341"]
[PlyCount "113"]
[EventDate "2017.04.03"]
[EventType "swiss"]
[EventRounds "9"]
[EventCountry "UAE"]
[SourceTitle "CBM 177 Extra"]
[Source "ChessBase"]
[SourceDate "2017.04.27"]
[SourceVersion "1"]
[SourceVersionDate "2017.04.27"]
[SourceQuality "1"]

1. e4 e5 2. Nf3 Nc6 3. Bb5 a6 4. Ba4 Nf6 5. O-O b5 6. Bb3 Bb7 7. d3 Be7 8. Nc3 O-O 9. a4 b4 10. Nd5 Na5 11. Nxe7+ Qxe7 12. Ba2 c5 13. Bg5 h6 14. Bh4 b3 15. Qe1 bxa2 16. Qxa5 g5 17. Bg3 d6 18. b4 Rfc8 19. Rxa2 c4 20. Re1 cxd3 21. cxd3 Rc3 22. d4 exd4 23. Qb6 Nxe4 24. Qxd4 Rac8 25. Rae2 Rc1 26. Qb2 Rxe1+ 27. Rxe1 Qd7 28. Nd4 Re8 29. f3 Nxg3 30. Rxe8+ Qxe8 31. hxg3 Qe5 32. Qc3 h5 33. Kf2 Bc6 34. a5 h4 35. gxh4 gxh4 36. Ne2 Bd7 37. Qd4 h3 38. gxh3 Qh2+ 39. Ke3 Bxh3 40. Qf4 Qxf4+ 41. Nxf4 Bc8 42. Nd5 Bb7 43. Nc7 Kf8 44. b5 axb5 45. a6 Bc6 46. a7 b4 47. a8=Q+ Bxa8 48. Nxa8 b3 49. Kd3 Ke7 50. Nb6 b2 51. Kc2 Ke6 52. Kxb2 Ke5 53. Nc4+ Kf4 54. Nd2 Ke3 55. Nc4+ Kxf3 56. Nxd6 f5 57. Nxf5 1/2-1/2